Missing Word: Fast Food Chains Quiz Stats

Quiz Updated Mar 5, 2016

Challenge
Share
Tweet
Embed
Score 0/20 Timer 02:00
7 Plays Today
Fast Food Missing Word % Correct
_____ HutPizza
98.3%
_____ BellTaco
97.9%
Dunkin' _____Donuts
97.6%
_____ KingBurger
96.6%
_____ John Silver'sLong
94.2%
Papa _____ PizzaJohn's/Murphy's
93%
_____ in the BoxJack
92.6%
_____ QueenDairy
91.1%
Baskin _____Robbins
90%
_____ CastleWhite
89.4%
Fast Food Missing Word % Correct
In-n-_____ BurgerOut
89.1%
_____ Caesar's PizzaLittle
89%
Chick-_____-afil
86.1%
Panera _____Bread
85.1%
Cold _____ CreameryStone
83.3%
Panda _____Express
74.9%
_____ n' ShakeSteak
63.3%
_____ JuiceJamba
61.1%
Einstein Bros. _____Bagels
55.1%
El _____ LocoPollo/Burrito
51.5%

Today's Daily Dose

You're not logged in!

Compare scores with friends on all Sporcle quizzes.
Sign Up with Email
OR
Log In

You Might Also Like...

Show Comments

Extras

Top Quizzes Today


Score Distribution

Your Account Isn't Verified!

In order to create a playlist on Sporcle, you need to verify the email address you used during registration. Go to your Sporcle Settings to finish the process.